01122nam a22001697a 4500008004100000020001800041082001700059100004000076245011400116260007600230300002900306505032900335650006700664700009200731999001300823952011600836150410b xxu||||| |||| 00| 0 eng d a9789930944370 a707bCh 512d aChavarria Zamora, Maria Jose 92379 aDis local:bJavier CalvocChavarria Zamora, Maria Jose (curadora), Mclver, Natasha (tr), Calvo, Javier (fot). aSan Jose, Costa RicabMuseo de Arte y Diseño Contemporaneo MADCc2013 a40 p.bill. (col)c24 cm tDisolver la imagen, un juego de poderrFiorella ResenterratSobre Dis-localrMaria Jose ChavarriatDis-local Centroamerica en la piel: Notas sociologicas sobre un arte epidermicorSergio VillenatDis-local: de la subjetividad individual a la conciencia regional. Manifiesto del artista centroamericanorBlanca Victoria Lopez xArte-catalogosxMuseosxArte contemporaneoxBellas artes92382 aMaria Jose Chavarria Zamora (curadora), Natasha Mclver (tr), Javier Calvo (fot).92383 c511d511 00102ddc4070aLVbLVcMonografíasd2015-04-10l0o707 Ch 512dp003958r2015-04-10 00:00:00w2015-04-10y01